Gay TV Shows by pictures - Statistics

General Stats
  • This quiz has been taken 128 times
  • The average score is 8 of 36
Answer Stats
Picture Answer % Correct
Glee
69%
Sex Education
67%
Grey's Anatomy
60%
Shameless
59%
Elite
56%
Young Royals
51%
Love, Victor
48%
Teen Wolf
34%
SKAM
32%
Riverdale
31%
Shadowhunters
30%
How to Get Away with Murder
29%
Fellow Travelers
28%
Queer as Folk
27%
Skins
25%
13 Reasons Why
24%
The Good Doctor
22%
9-1-1: Lone Star
21%
Heartbreak High
21%
Sense8
18%
It's a Sin
14%
Smiley
11%
The Society
11%
Baby
7%
Dynasty
7%
Eyewitness
6%
Tales of the City
5%
Uncoupled
5%
Di4ries
4%
Tiny Pretty Things
4%
Transatlantic
4%
Mary & George
3%
One of Us Is Lying
3%
Toy Boy
3%
Control Z
1%
Holy Family
1%
No matching quizzes found
Score Distribution
Percent of People with Each Score
Percentile by Number Answered
Your Score History
You have not taken this quiz